书目信息 |
| 题名: |
油气勘探开发中的沉积物源研究
|
|
| 作者: | 斯科特 , 史密斯 , 莫顿 著 ;李胜利 , 李顺利 , 单新 译 | |
| 分册: | ||
| 出版信息: | 北京 石油工业出版社 2018 |
|
| 页数: | 465页 | |
| 开本: | 26cm | |
| 丛书名: | 国外油气勘探开发新进展丛书 | |
| 单 册: | ||
| 中图分类: | P588.2 | |
| 科图分类: | ||
| 主题词: | 油气勘探--You Qi Kan Tan--沉积物--研究 | |
| 电子资源: | ||
| ISBN: | 978-7-5183-2703-4 | |
| 000 | 01947nam 2200397 45 | |
| 001 | 012001003627 | |
| 005 | 20131105083342.0 | |
| 010 | @a978-7-5183-2703-4@dCNY280.00 | |
| 099 | @aCAL 012018185130 | |
| 100 | @a20181130d2018 em y0chiy50 ea | |
| 101 | 1 | @achi@ceng |
| 102 | @aCN@b110000 | |
| 105 | @aak a 000yy | |
| 106 | @ar | |
| 200 | 1 | @a油气勘探开发中的沉积物源研究@AYou Qi Kan Tan Kai Fa Zhong De Chen Ji Wu Yuan Yan Jiu@f(英) R. A. Scott ... [等] 编@g李胜利 ... 等译 |
| 210 | @a北京@c石油工业出版社@d2018 | |
| 215 | @a465页@c图 (部分彩图)@d26cm | |
| 225 | 2 | @a国外油气勘探开发新进展丛书@AGuo Wai You Qi Kan Tan Kai Fa Xin Jin Zhan Cong Shu@h15@i石油地质专辑 |
| 304 | @a题名页题其余编者: H. R. Smyth, A. C. Morton, N. Richardson; 题名页题其余译者: 李顺利, 单新, 齐昆等 | |
| 312 | @a英文并列题名取自封面 | |
| 314 | @a责任者Scott规范汉译姓: 斯科特; 责任者Smyth规范汉译姓: 史密斯; 责任者Moton规范汉译姓: 莫顿 | |
| 320 | @a有书目 | |
| 330 | @a本书通过典型实例,介绍了沉积物源研究方面的样品分析和应用技术方法,包括岩石学、重矿物分析、矿物地球化学、全岩地球化学、年代地层学和矿物流体捕获分析等;阐述了沉积物源信息在砂岩油气储层的应用,沉积物源、成岩和储层质量的相互关系,沉积物和沉积物源的相互关系,沉积物源技术与相应数据处理技术等;能够提高资源量预测的准确性和勘探评价的成功率,为油气勘探开发的所有阶段提供指导。 | |
| 333 | @a油气勘探开发研究人员 | |
| 410 | 0 | @12001 @a国外油气勘探开发新进展丛书@h15@i石油地质专辑 |
| 500 | 10 | @aSediment provenance studies in hydrocarbon exploration and production@mChinese |
| 606 | 0 | @a油气勘探@AYou Qi Kan Tan@x沉积物@x研究 |
| 690 | @aP588.2@v5 | |
| 701 | 1 | @a斯科特@ASikete@g(Scott, R.A.)@4著 |
| 701 | 1 | @a史密斯@AShimisi@g(Smyth, H.R.)@4著 |
| 701 | 1 | @a莫顿@AModun@g(Moton, A.C.)@4著 |
| 702 | 0 | @a李胜利@ALi Shengli@4译 |
| 702 | 0 | @a李顺利@ALi Shunli@4译 |
| 702 | 0 | @a单新@AShan Xin@4译 |
| 801 | 0 | @aCN@b上海新华@c20191020 |
| 905 | @b1206041-2@dP588.2@e148@f2 | |
| 油气勘探开发中的沉积物源研究/(英) R. A. Scott ... [等] 编/李胜利 ... 等译.-北京:石油工业出版社,2018 |
| 465页:图 (部分彩图);26cm.-(国外油气勘探开发新进展丛书.15.石油地质专辑) |
| 使用对象:油气勘探开发研究人员 |
| ISBN 978-7-5183-2703-4:CNY280.00 |
| 本书通过典型实例,介绍了沉积物源研究方面的样品分析和应用技术方法,包括岩石学、重矿物分析、矿物地球化学、全岩地球化学、年代地层学和矿物流体捕获分析等;阐述了沉积物源信息在砂岩油气储层的应用,沉积物源、成岩和储层质量的相互关系,沉积物和沉积物源的相互关系,沉积物源技术与相应数据处理技术等;能够提高资源量预测的准确性和勘探评价的成功率,为油气勘探开发的所有阶段提供指导。 |
| ● |
| 相关链接 |
|
|
|
|
正题名:油气勘探开发中的沉积物源研究
索取号:P588.2/148
 
预约/预借
| 序号 | 登录号 | 条形码 | 馆藏地/架位号 | 状态 | 备注 |
| 1 | 1206041 | 212060419 | 第二样本阅览室/ [索取号:P588.2/148] | 在馆 | |
| 2 | 1206042 | 212060428 | 第三借阅区/ [索取号:P588.2/148] | 在馆 |